nascar 2026 - Estadísticas

Estadísticas generales
  • Esta prueba ha sido intentada 3 veces
  • La puntuación promedio es 10 de 12
Estadísticas de respuestas
Pregunta Respuesta % Correcto
¿Que numeros usa 23xi? 23, 35 y 45
100%
¿Cuantos charters tiene jgr? 4
100%
¿Que numeros usa front row motorsport? 4 ,34, 38 y de reserva el 36
100%
¿Que numero usa ty gibbs? 54
100%
¿Cual es la ultima carrera de la temporada regular coke zero sugar 400, daytona
100%
¿Cuantos autos se pasan a chevrolet saliendo de ford? cole custer y cody ware
100%
¿Quien es el piloto mexicano en nascar cup? daniel suarez
100%
¿Cuantos campeonatos tiene kyle larson? dos, 2021 y 2025
100%
¿Que circuito ahora sera la final de la cup series? homestead miami
100%
¿En que circuitos no se sumara puntos? 2, bowman gray y el coliseo
67%
¿Cuantas carreras tendra la temporada 2026 nascar cup series? 38
67%
¿Que circuito correran este año y el año anterior no? san diego, portland
0%
No se encontraron pruebas coincidentes
Distribución de puntuación
Porcentaje de gente con cada puntuación
Porcentaje por número respondido
Historial de tus puntuaciones
No has intentado esta prueba.